| 000 | 01231nam a2200301 a 4500 | ||
|---|---|---|---|
| 001 | 000024934 | ||
| 003 | DO-SdBNP | ||
| 005 | 20260305073951.0 | ||
| 008 | 110113s1976 dr 001 0 spa d | ||
| 040 |
_aDO-SdBNP _bspa _cBNPHU |
||
| 082 |
_a972.9303 _bV648e, 1976 |
||
| 245 | 0 | 3 |
_aLa vida escandalosa en Santo Domingo en los siglos XVII y XVIII / _cedición y prólogo Frank Moya Pons. |
| 260 |
_aSantiago de los Caballeros, República Dominicana : _bUniversidad Católica Madre y Maestra, _c1976. |
||
| 300 |
_a166 p. ; _c20 cm. |
||
| 490 | _aEstudios | ||
| 490 | _aIncháustegui | ||
| 590 | _aInventariado, 2020/YL | ||
| 650 | 4 |
_aDeclaración de hechos _xHistoria _zRepública Dominicana _948926 |
|
| 650 | 4 |
_aTestificación (derecho) _xHistoria _zRepública Dominicana _948927 |
|
| 651 | 0 |
_aRepública Dominicana -- _xHistoria -- _yColonia, 1503-1844 _911397 |
|
| 651 | 4 |
_aRepública Dominicana _xCondiciones Sociales _946 |
|
| 651 | 4 |
_aSanto Domingo (República Dominicana{Rpara} _xVida Social Y Costumbres _ySIGLOS XVII-XVIII _948928 |
|
| 700 | 1 |
_aMoya Pons, Frank, _d1944- _epról. _92095 |
|
| 830 |
_aEstudios _93854 |
||
| 830 |
_aIncháustegui _948929 |
||
| 910 | _aValidado. Control de calidad EMS | ||
| 942 |
_2ddc _cLBS1 |
||
| 999 |
_c24427 _d24427 |
||